000 01031nam a2200289 i 4500
001 185246
003 SpMaBN
005 20240507111709.0
008 160425s2009 sp aego |||| |dspa d
020 _a978-84-87744-46-4
080 _a792(083.97)
080 _a821.111-21"15"
245 0 0 _aHamlet /
_cWilliam Shakespeare ; versión y dirección, Tomaz Pandur.
250 _a1ª ed.
260 _aMadrid :
_bTeatro Español,
_c2009.
300 _a268 p. :
_bil. col., fot., mús., planos ;
_c20 x 20 cm.
490 1 _aCuadernos del Teatro Español ;
_v23
500 _aEn cub.: Temporada 2009 - Matadero Madrid. Naves del Español.
650 7 _aTeatro-
_xProgramas.
_9145288
700 1 _aShakespeare, William,
_d1564-1616.
_tHamlet
_9105997
700 1 _aPandur, Tomaz.
_9159440
710 2 _aTeatro Español (Madrid)
_9143020
830 0 _aCuadernos del Teatro Español ;
_v23
_9189460
852 _aES-MaACL
_jA-13718
_9192266
_bR.150744
_cDEPO1
_dOlim: N-6718
942 _2udc
999 _c185246
_d185246